Online Catalogue and eLibrary

Remapping Knowledge : (Record no. 5717)

MARC details
000 -LEADER
fixed length control field 00771nam a2200181Ia 4500
005 - DATE AND TIME OF LATEST TRANSACTION
control field 20240604054830.0
008 - FIXED-LENGTH DATA ELEMENTS--GENERAL INFORMATION
fixed length control field 240331s9999 xx 000 0 und d
020 ## - INTERNATIONAL STANDARD BOOK NUMBER
ISBN 8188789240
082 ## - DDC Classification
Item Number - Author Mark REM
Class No. 371
245 #0 - TITLE STATEMENT
Title Remapping Knowledge :
Remainder of title The Making of South Asian Studies in India, Europe and American 19th - 20th Centuries
250 ## - EDITION STATEMENT
Edition statement 1 st
260 ## - PUBLICATION, DISTRIBUTION, ETC.
Place of publication, distribution, etc. Gurgaon(Haryana)
Name of publisher, distributor, etc. Three Essays
Date of publication, distribution, etc. 2004
300 ## - PHYSICAL DESCRIPTION
Extent (e.g. Volumes, Pages etc.) xvii,135 p.,
500 ## - GENERAL NOTE
General note This book seeks to document the constitution of bodies of knowledge on South Asia spanning two centuries (19-20 th),by providing a genealogy of the institutionalisation and transformations occurring in South Asian studies across Europe,India and the United Nations.
700 ## - ADDED ENTRY--PERSONAL NAME
Personal name Assayag. J.
700 ## - ADDED ENTRY--PERSONAL NAME
Personal name Benei. V.
942 ## - Koha item type (Biblio)
Koha item type Books in Stacks (Lending)
Holdings
Lost status Damaged status Collection code Home library Current library Shelving location Date acquired Full call number Accession Number Item type
    Lending WERC Library WERC Library Social Science Cupboard 03/31/2024 371.9 REM 6731 Books in Stacks (Lending)

© WERC Library